Pokémon - 1. Generation - Sudden Death - Statistiken

Allgemein
  • Dieses Quiz wurde 6.670 mal gespielt
    2.135 seit der letzten Aktualisierung
  • Das Durchschnittsergebnis liegt bei 37 aus 50
Answers on the Grid
Answers color-coded by a green-red scale on the quiz's grid according to % correct below.
 
Antwortstatistiken
Antwort % Korrekt
82%
82%
81%
80%
80%
79%
79%
79%
79%
79%
79%
78%
78%
77%
77%
77%
77%
76%
76%
76%
76%
76%
76%
76%
76%
75%
75%
75%
75%
75%
74%
74%
73%
73%
72%
72%
72%
72%
72%
71%
71%
71%
71%
70%
69%
69%
69%
67%
67%
66%
Keine übereinstimmenden Quizze gefunden
Verteilung der Resultate
Anzahl Personen mit jedem Resultat
Perzentil nach korrekt beantworteten Fragen
Ihre Resultats-Entwicklung
Sie haben dieses Quiz seit der letzten Aktualisierung nicht gespielt